Estatísticas para Os 15 principais países afetados pela Covid-19 - 26 de maio

Clique aqui para jogar o quiz

Estatísticas Gerais

  • Esse quiz foi jogado 3 vezes
  • A pontuação média é 17 de 25

Estatísticas das Respostas

país% Correto
Alemanha
100%
Brasil
100%
Canadá
100%
China
100%
Espanha
100%
Estados Unidos
100%
França
100%
Índia
100%
Irão
100%
Itália
100%
Reino Unido
100%
Rússia
100%
Suíça
100%
Bélgica
50%
Chile
50%
Chile
50%
Irlanda
50%
Peru
50%
Suécia
50%
Turquia
50%
Bahrein
0%
Bielorrússia
0%
Catar
0%
Kuweit
0%
Singapura
0%

Distribuição das Pontuações

Percentil de Números Respondidos

Porcentagem de Pessoas com Cada Pontuação

Sua Pontuação Histórica

Você não jogou esse quiz